zpět

Detail výsledku týmu

Luka bar, Praha

Datum a čas kvízu

24.5 Celkem bodů Celkový počet nahraných bodů na tomto kvízu bez doplňovacích otázek.
4. Pořadí na kvízu Konečné umístění týmu na tomto kvízu.

Zaznamenané odpovědi

# Otázka Odpověď Body Výsledky
1. V pondělí odpoledne došlo k za... Merkur 1
2. Berlínský spolek pro otevřenou... kus Berlínské zdi 1
3. Studenti pedagogické fakulty K... Neznámý vojín 0
4. 11. listopadu se ve světě již... na nezadané 0
5. Ve kterém českém městě se odeh... v Plzni 1
6. Téma o tomto komikovi si vybra... v Litoměřicích 1
7. Jak se jmenuje herečka zdatně... Iva Janžurová 1
8. Ve scénce Luštitel křížovek Ho... Právě proto tam budou vzácný. 1
9. Milan Neděla hraje v této scén... B) manželem Holzmannovy milenky 0
10. Ve scénce V restauraci hraje H... Podložil s ním nohu stolu. 1